000 00367 a2200169 4500
001 186390
020 _a
040 _cMagnum
100 _aDisney, Wlat
240 1 0 _aAlice no país das maravilhas
_lpor
245 1 0 _aAlice no país das maravilhas
300 _a16
362 0 _a1995
440 1 _aMelhoramentos
697 _aLITERATURA INFANTO
942 _cBK
999 _c186390
_d186390